[Event "Stockerau op-B"]
[Site "Stockerau"]
[Date "2006.05.28"]
[Round "5"]
[White "Eberdorfer, Wolfgang"]
[Black "Knab, Wilhelm"]
[Result "0-1"]
[WhiteElo "1665"]
[BlackElo "1764"]
[PlyCount "88"]
[EventDate "2006.05.25"]
[EventType "swiss"]
[EventRounds "5"]
[EventCountry "AUT"]
[SourceTitle "CBM 112 Extra"]
[Source "ChessBase"]
[SourceDate "2006.07.14"]
[SourceVersion "1"]
[SourceVersionDate "2006.07.14"]
[SourceQuality "1"]

1. d4 d5 2. c4 e6 3. Nf3 Nf6 4. Nc3 Nbd7 5. Bg5 Be7 6. e3 0-0 7. Bd3 c6 8. 0-0 dxc4 9. Bxc4 Nd5 10. Bxe7 Qxe7 11. e4 Nxc3 12. bxc3 e5 13. Re1 c5 14. d5 Qd6 15. Bd3 Nf6 16. c4 Bg4 17. h3 Bh5 18. Re3 Ne8 19. g4 Bg6 20. Nh4 Qf6 21. Ng2 Nd6 22. Qe2 Qe7 23. Rf1 f6 24. f4 Be8 25. Ref3 a6 26. Rg3 b5 27. Re1 exf4 28. Nxf4 Qe5 29. Qf1 g5 30. Ne2 bxc4 31. Bc2 Nxe4 32. Re3 Bg6 33. Qg2 Rfe8 34. Ng3 Qd4 35. Kh2 Nxg3 36. Rxe8+ Rxe8 37. Rxe8+ Bxe8 38. Qxg3 Qd2+ 39. Qg2 Qxg2+ 40. Kxg2 h6 41. Kf3 Kf7 42. Ke2 Ke7 43. Kd2 Kd6 44. Be4 Ke5 0-1